000 01530mam a2200409 a 4500
001 3273639
003 GHJYUTEER
005 20220326193256.0
008 020114m20009999enk 000 0 eng d
020 _a0701700998 (Newcastle : v.1)
020 _a1903655013 (BALTIC : v.1)
020 _a0701701188 (Newcastsle : v.2)
020 _a190365503X (BALTIC : v.2)
020 _a1903655072 (Baltic : v.4)
020 _a0701701323 (Newcastle : v.4)
035 _a(OCoLC)230033488
035 _a(OCoLC)ocn230033488
035 _a(NNC)3273639
040 _a*EQO*
_c*EQO*
_dCU-S
_dCStRLIN
_dNNC
082 _a707
_bH652p I
245 0 4 _aThe producers :
_bcontemporary curators in conversation /
_cedited by Susan Hiller and Sarah Martin.
246 3 0 _aContemporary curators in conversation
260 _aGateshead :
_bBALTIC,
_c2000-.
300 _a97 p
_c20 cm.
490 1 _aB.READ ;
_v2, 4-5, 7-8
500 _a"A series of public events sponsored jointly by the Department of Fine Art, University of Newcastle and the BALTIC Centre for Contemporary Art."
650 0 _aArt museum curators
_vInterviews.
_91076
650 0 _xarte-curadores de museos
_91084
650 0 _aArt museums
_xExhibitions.
_91078
650 0 _aArt
_xExhibition techniques.
_91036
700 1 _aHiller, Susan.
_91079
700 1 _aMartin, Sarah.
_91080
710 2 _aUniversity of Newcastle upon Tyne.
_bDepartment of Fine Art.
_91081
710 2 _aBaltic Centre for Contemporary Art.
_91082
830 0 _aB.READ ;
_v2, etc.
_91085
999 _c232
_d232